000 00436nam a2200181Ia 4500
001 21421
005 20260306172918.0
008 260306t1996||||xx |||||||||||||| ||spa||
041 _aESP
082 _a345.985J
_bJ92
100 _aSanta María Calderón, Luis (Dir.)
_eAUT
245 0 _aJurisprudencia penal
260 _c1996
300 _a379 páginas :
_c24 cm.
650 _aGEN
654 _aCDE
942 _cLIB
_dJUS
_fJUS
_2ddc
_n
999 _c21421
_d21421